Eastern Utah Libraries Catalog: Duchesne, Heber, Roosevelt, & Vernal

Dasher and the Polar Bear / (Record no. 412896)

MARC details
000 -LEADER
fixed length control field 02305nam a2200445 i 4500
001 - CONTROL NUMBER
control field 1482060575
005 - DATE AND TIME OF LATEST TRANSACTION
control field 20251022170411.0
007 - PHYSICAL DESCRIPTION FIXED FIELD--GENERAL INFORMATION
fixed length control field t|
008 - FIXED-LENGTH DATA ELEMENTS--GENERAL INFORMATION
fixed length control field 250610s2025 maua a 000 1 eng d
010 ## - LIBRARY OF CONGRESS CONTROL NUMBER
LC control number 2025943183
020 ## - INTERNATIONAL STANDARD BOOK NUMBER
International Standard Book Number 9781536236316
Qualifying information hardcover
035 ## - SYSTEM CONTROL NUMBER
System control number (OCoLC)1482060575
040 ## - CATALOGING SOURCE
Original cataloging agency DLC
Language of cataloging eng
Description conventions rda
Transcribing agency DLC
042 ## - AUTHENTICATION CODE
Authentication code pcc
092 ## - LOCALLY ASSIGNED DEWEY CALL NUMBER (OCLC)
Classification number children holiday
Item number Tavares
100 1# - MAIN ENTRY--PERSONAL NAME
Personal name Tavares, Matt,
Relator term author,
-- illustrator.
Relator code aut.
9 (RLIN) 48374
245 10 - TITLE STATEMENT
Title Dasher and the Polar Bear /
Statement of responsibility, etc Matt Tavares.
250 ## - EDITION STATEMENT
Edition statement First edition.
264 #1 - Production, Publication, Distribution, Manufacture, and Copyright Notice.
Place of production, publication, distribution, manufacture Somerville, Massachusetts :
Name of producer, publisher, distributor, manufacturer Candlewick Press,
Date of production, publication, distribution, manufacture, or copyr 2025.
264 #4 - Production, Publication, Distribution, Manufacture, and Copyright Notice.
Date of production, publication, distribution, manufacture, or copyr ©2025.
300 ## - PHYSICAL DESCRIPTION
Extent 1 volume (unpaged) :
Other physical details color illustrations ;
Dimensions 25 x 28 cm.
336 ## - Content Type
Content type term text
336 ## - Content Type
Content type term still image
337 ## - Media type
Media type term unmediated
338 ## - Carrier type
Carrier type term volume
490 0# - SERIES STATEMENT
Series statement Dasher.
520 ## - SUMMARY, ETC.
Summary, etc "One bright night just before Christmas, Dasher the reindeer is out admiring the stunning colors of the northern lights when she meets George, a sweet polar bear. Astounded to see that Dasher can fly, George confides that he has dreamed of soaring through the sky himself. Dasher would like nothing more than to bestow some Christmas magic on her new friend, but their flying lesson turns out to be a disappointing failure. Even Dasher, an intrepid reindeer in the habit of giving-not giving up-begins to wonder if anyone can make George's dream take flight. In this sparkling new Christmas story, Matt Tavares, New York Times best-selling author of Dasher and its sequel, Dasher Can't Wait for Christmas, is back to remind us that sometimes the best gift we can receive is simply to bear witness to wonder-and that not all presents fit inside Santa's bag"--
521 1# - TARGET AUDIENCE NOTE
Target audience note Ages 4-8
Source Candlewick Press.
650 #0 - SUBJECT ADDED ENTRY--TOPICAL TERM
Topical term or geographic name as entry element Reindeer
Form subdivision Juvenile fiction.
9 (RLIN) 5702036
650 #0 - SUBJECT ADDED ENTRY--TOPICAL TERM
Topical term or geographic name as entry element Polar bear
Form subdivision Juvenile fiction.
9 (RLIN) 5689989
650 #0 - SUBJECT ADDED ENTRY--TOPICAL TERM
Topical term or geographic name as entry element Christmas stories.
650 #0 - SUBJECT ADDED ENTRY--TOPICAL TERM
Topical term or geographic name as entry element Friendship
Form subdivision Juvenile fiction.
9 (RLIN) 5673647
650 #1 - SUBJECT ADDED ENTRY--TOPICAL TERM
Topical term or geographic name as entry element Reindeer
Form subdivision Fiction.
9 (RLIN) 5691373
650 #1 - SUBJECT ADDED ENTRY--TOPICAL TERM
Topical term or geographic name as entry element Polar bears
Form subdivision Fiction.
9 (RLIN) 5709747
650 #1 - SUBJECT ADDED ENTRY--TOPICAL TERM
Topical term or geographic name as entry element Christmas
Form subdivision Fiction.
9 (RLIN) 5675145
650 #1 - SUBJECT ADDED ENTRY--TOPICAL TERM
Topical term or geographic name as entry element Friendship
Form subdivision Fiction.
9 (RLIN) 5673769
655 #7 - INDEX TERM--GENRE/FORM
Genre/form data or focus term Animal fiction.
Source of term lcgft.
9 (RLIN) 5748285
655 #7 - INDEX TERM--GENRE/FORM
Genre/form data or focus term Picture books.
Source of term lcgft.
942 ## - ADDED ENTRY ELEMENTS (KOHA)
Source of classification or shelving scheme Dewey Decimal Classification
Koha item type BOOK
Holdings
Withdrawn status Lost status Source of classification or shelving scheme Damaged status Not for loan Collection code Home library Current library Shelving location Date acquired Source of acquisition Total Checkouts Total Renewals Full call number Barcode Date last seen Date checked out Cost, replacement price Price effective from Koha item type
    Dewey Decimal Classification     Children Holiday Books Wasatch County Library Wasatch County Library Main Floor Childrens Area 10/22/2025 Amazon 2 2 E Christmas Tavares 34301002170704 02/02/2026 11/10/2025 18.99 10/22/2025 BOOK
This project was made possible through a grant from the Institute of Museum and Library Service administered by the Utah State Library Division.

Wasatch County Library

  • 465 East 1200 South, Heber City, Utah 84032
  • Phone 435-654-1511 | Fax 435-654-6456

Hours

  • Monday - Friday 9:30 AM - 8:00 PM
  • Saturday 9:30 AM - 1:30 PM
  • Closed Sundays and Holidays